Online
Catalog

Exploraciones críticas : (Record no. 4149)

MARC details
000 -CABECERA
campo de control de longitud fija 00905cam a2200241 a 4500
001 - NÚMERO DE CONTROL
campo de control 000004340
005 - FECHA Y HORA DE LA ÚLTIMA TRANSACCIÓN
campo de control 20200929151427.0
008 - DATOS DE LONGITUD FIJA--INFORMACIÓN GENERAL
campo de control de longitud fija 820714s1968 ve b 001 0 spa
040 ## - FUENTE DE LA CATALOGACIÓN
Centro catalogador/agencia de origen DO-SdBNP
Lengua de catalogación spa
Centro/agencia transcriptor BNPHU
041 17 - CÓDIGO DE LENGUA
Código de lengua del texto/banda sonora o título independiente spa
082 ## - NÚMERO DE LA CLASIFICACIÓN DECIMAL DEWEY
Número de clasificación 809
Número de documento/Ítem D542e
100 1# - ENTRADA PRINCIPAL--NOMBRE DE PERSONA
Nombre de persona Díaz Solís, Gustavo,
Fechas asociadas al nombre 1920-
9 (RLIN) 5290
245 10 - MENCIÓN DE TÍTULO
Título Exploraciones críticas :
Resto del título once estudios de literatura inglesa y norteamericana /
Mención de responsabilidad, etc. Gustavo Díaz Solís.
246 14 - FORMA VARIANTE DE TÍTULO
Título propio/Titulo breve Exploration in criticism: eleven papers on english and american literature
250 ## - MENCIÓN DE EDICIÓN
Mención de edición Ed. bilingüe.
260 ## - PUBLICACIÓN, DISTRIBUCIÓN, ETC.
Lugar de publicación, distribución, etc. Caracas :
Nombre del editor, distribuidor, etc. Universidad Central de Venezuela,
Fecha de publicación, distribución, etc. 1968.
300 ## - DESCRIPCIÓN FÍSICA
Extensión 328 p. ;
Dimensiones 16 cm.
440 #0 - MENCIÓN DE SERIE/PUNTO DE ACCESO ADICIONAL--TÍTULO
Título Biblioteca.
Nombre de parte o sección de la obra Avance ;
Designación de volumen o secuencia no. 19
9 (RLIN) 12804
500 ## - NOTA GENERAL
Nota general Incluye índice
504 ## - NOTA DE BIBLIOGRAFÍA, ETC.
Nota de bibliografía, etc. Incluye referencias bibliográficas y notas al pie de las páginas
650 #4 - PUNTO DE ACCESO ADICIONAL DE MATERIA--TÉRMINO DE MATERIA
Término de materia o nombre geográfico como elemento de entrada Literatura inglesa
Subdivisión general Historia y crítica
Subdivisión cronológica SIGLO XX
9 (RLIN) 12805
910 ## - DATOS DE OPCIÓN DEL USUARIO (OCLC)
Datos de opción del usuario En proceso
Holdings
Estado de retiro Estado de pérdida Restricciones de uso No para préstamo Código de colección Localización permanente Ubicación/localización actual Ubicación en estantería Fecha de adquisición Número de inventario Total de préstamos Signatura topográfica completa Código de barras Fecha visto por última vez Precio válido a partir de Tipo de ítem Koha
    Préstamo interno   Monografías: Libros y Folletos General General En catalogación 27.08.2009 LF1   809 D542e 4340-10 25.06.2020 25.06.2020 Préstamo interno

Powered by Koha